| 000 | 00969nas a2200325 4500 | ||
|---|---|---|---|
| 001 | BR9212682 | ||
| 003 | BR-BrBNA | ||
| 005 | 20231205095311.0 | ||
| 007 | ta | ||
| 008 | 230509b bl.|||p| |||| 00| 00por d | ||
| 040 |
_aBR-BrBNA _bpor _cBiblioteca Nacional de Agricultura |
||
| 041 | _a(Pt) | ||
| 072 | _aF01; F04 | ||
| 100 | 1 | _aLira, M. de A. | |
| 100 | 1 | _aFaris, M.A. | |
| 100 | 1 | _aTabosa, J.N. | |
| 100 | 1 | _aReis, O.V. dos | |
| 245 | 1 | _aEstudos preliminares sobre o efeito da epoca de plantio e da aplicacao de adubos na producao de graos do milheto, do sorgo e do milho | |
| 650 | _aMilheto | ||
| 650 | _aSorgo | ||
| 650 | _aMilho | ||
| 650 | _aPratica Cultural | ||
| 650 | _aAdubacao | ||
| 650 | _aGrao | ||
| 650 | _aSolo | ||
| 650 | _aAnalise do Solo | ||
| 773 | 0 |
_tPesquisa Agropecuaria Pernambucana (Brazil) _xISSN 0100-8501 _g(Dec 1977), v. 1(1) p. 89-103 _wBR9212682 |
|
| 909 |
_a202311 _bLúcia _c55 _dLúcia Elande |
||
| 942 |
_2AGRIS _n0 _cANA |
||
| 999 |
_c149908 _d149908 |
||